Wrestlers that have appeared in both WWE and TNA - Statistics

General Stats
  • This quiz has been taken 1,178 times
  • The average score is 3 of 15
Answer Stats
Hint Answer % Correct
Kurt Angle
82%
Booker T
36%
Kevin Nash
31%
Jeff Jarrett
26%
Scott Steiner
20%
Scott Hall
17%
Bully Ray
16%
Devon
13%
Raven
10%
X-pac
9%
Mickie James
7%
Mike Knox
3%
Tara
3%
DOC
2%
Christy Hemme
1%
No matching quizzes found
Score Distribution
Percent of People with Each Score
Percentile by Number Answered
Your Score History
You have not taken this quiz